00414nam a22001337a 4500003000600000005001700006008004100023040000800064082002300072100001900095245010500114260004500219300001600264GBCCL20241126110705.0220405b ||||| |||| 00| 0 eng d cgbc aARCH GBC-2021bSON aSonggoumuan, T aA study on the practice of divorce among the Paite in Churachandpur and Biblical response to divorce aNew Lamka: bGrace Bible College, c2021 axiv, 56p. ;